Villes de l'Aude en images - Statistiques

Statistiques générales
  • Ce quiz a été pris 132 fois
  • Le résultat moyen est 9 sur 18
Statistiques - réponses
Par images Hint Réponse % Correct
C Carcassonne
100%
N Narbonne
94%
C Castelnaudary
88%
S Sigean
82%
G Gruissan
78%
Q Quillan
75%
L Limoux
72%
L Leucate
70%
P Port-la-Nouvelle
61%
B Bram
43%
L Lézignan-Corbières
42%
T Trèbes
28%
L Lagrasse
27%
F Fitou
18%
F Fleury
18%
C Cucugnan
14%
A Axat
13%
C Cuxac-d'Aude
3%
Aucun quiz correspondant
Distribution des résultats
% des personnes avec chaque résultat
Percentile par nombre de réponses
Votre historique - résultats
Vous n’avez pas pris ce quiz